Does higher fiscal deficit lead to rise in interest rates?: an empirical investigation (Record no. 60570)

000 -LEADER
fixed length control field 01407pab a2200157 454500
008 - FIXED-LENGTH DATA ELEMENTS--GENERAL INFORMATION
fixed length control field 180718b2004 xxu||||| |||| 00| 0 eng d
100 ## - MAIN ENTRY--PERSONAL NAME
Personal name Goyal, Rajan
245 ## - TITLE STATEMENT
Title Does higher fiscal deficit lead to rise in interest rates?: an empirical investigation
260 ## - PUBLICATION, DISTRIBUTION, ETC.
Date of publication, distribution, etc. 2004
300 ## - PHYSICAL DESCRIPTION
Extent p.2128-133.
362 ## - DATES OF PUBLICATION AND/OR SEQUENTIAL DESIGNATION
Dates of publication and/or sequential designation 22 May
520 ## - SUMMARY, ETC.
Summary, etc. The relationship between fiscal deficit and the rate of interest is still an unsettled issue. Theoretically, at least in neo-classical sense, funding of government requirements through market borrowings would not only induce rise in interest rates, but the increased funding cost in turn would also contribute to the rise in fiscal deficit. In the Indian context, the coexistence of falling interest rates and growing size of fiscal deficit in the recent years, however, seems to suggest that the causation between the two does no hold. Further, there is empirical evidence suggesting one-way causality running only from real interest rate to fiscal deficit. This paper re-examines this issue and argues that the absence of an apparent fiscal impact on interest rate is essentially the result of higher liquidity in the system. Empirical results drawn through a VAR model show that there is a two-way causality between gross fiscal deficit and the real interest rate. -Reproduced.
650 ## - SUBJECT ADDED ENTRY--TOPICAL TERM
Topical term or geographic name entry element Interest rates
773 ## - HOST ITEM ENTRY
Main entry heading Economic and Political Weekly
909 ## -
-- 60570
Holdings
Withdrawn status Lost status Damaged status Not for loan Permanent Location Current Location Date acquired Serial Enumeration / chronology Barcode Date last seen Price effective from Koha item type
        Indian Institute of Public Administration Indian Institute of Public Administration 2018-07-19 Volume no: 39, Issue no: 21 AR61016 2018-07-19 2018-07-19 Articles

Powered by Koha